Politický extremismus a právo /

Uložené v:
Podrobná bibliografia
Hlavný autor: Černý, Petr (Author)
Médium: Kniha
Jazyk:Czech
Vydané: Praha : Eurolex Bohemia, 2005
Vydanie:[1. vyd.]
Témy:
ISBN: 8086861864 (brož.)
Fyzický popis: 207 s. ; 21 cm
Tagy: Pridať tag
Žiadne tagy, Buďte prvý kto otaguje tento záznam!

MARC

LEADER 00000nam a2200000 a 4500
001 000019607
005 20060522103207.0
008 060215s2005 xr e ba 000 0 czeo
020 |a 8086861864 (brož.)  |z 8086861844 
040 |a SVKKK  |b slo  |c SVKKK  |e AACR2 
041 0 |a cze  |b ger 
044 |a xr  |c CZ 
072 7 |a 32  |x Politika  |2 konspekt 
080 |a 329.055  |2 1997 
080 |a 342.72/.73  |2 1997 
080 |a 34:32  |2 1997 
080 |a (048.8)  |2 1997 
100 1 |a Černý, Petr  |4 aut 
245 1 0 |a Politický extremismus a právo /  |c Petr Černý 
250 |a [1. vyd.] 
260 |a Praha :  |b Eurolex Bohemia,  |c 2005 
300 |a 207 s. ;  |c 21 cm 
504 |a Resumé nem. Bibliografia s. 201-207 
650 0 7 |a extrémizmus  |2 SVKKKPH 
650 0 7 |a politické práva  |2 SVKKKPH 
650 0 7 |a právo a politika  |2 SVKKKPH 
655 7 |a monografie  |2 SVKKKPH 
919 |a 80-86861-86-4 
998 |a BK 
090 |g SCKHL  |k Sklad Pribinova 2. posch.  |a III.202452  |j 976558  |i 2720065162  |s Absenčne